[Event "BL2-N9192"]
[Site "Germany"]
[Date "1992.??.??"]
[Round "?"]
[White "Maxion, Dirk"]
[Black "Giemsa, Stephan"]
[Result "1-0"]
[WhiteElo "2275"]
[BlackElo "2280"]

1.e4 e6 2.d4 d5 3.Nd2 a6 4.Ngf3 c5 5.exd5 exd5 6.dxc5 Bxc5 7.Nb3 Ba7 8.Bg5 Nf6
9.Qe2+ Be6 10.Nfd4 Qe7 11.O-O-O Nbd7 12.Kb1 h6 13.Bh4 O-O 14.Nf5 Qb4 15.Nbd4 Rfe8
16.a3 Qf8 17.Qf3 Bxd4 18.Rxd4 Bxf5 19.Qxf5 Re1+ 20.Ka2 Qc5 21.Qd3 Rae8 22.f3 R1e6
23.Bf2 Qc6 24.Qd1 Nb6 25.b3 Na8 26.Kb2 Nc7 27.Rd3 Nb5 28.a4 Nd6 29.Rc3 Qd7
30.g3 Qd8 31.Rc5 b5 32.axb5 axb5 33.Bxb5 Nxb5 34.Rxb5 Re2 35.Bd4 Qe7 36.Qd3 Rc8
37.Rc5 Ra8 38.Ra1 Rxa1 39.Kxa1 Rxh2 40.Rc8+ Ne8 41.Kb2 Re2 42.g4 Qd7 43.Rc5 Re6
44.Bc3 Nc7 45.Qd4 Rg6 46.Qe5 Ne6 47.Rxd5 Qc6 48.Rd3 Kh7 49.Qf5 Kg8 50.f4 Qb7
51.Be5 Qc6 52.Rd6 Qc5 53.Rd7 Qf8 54.Bd6 Qe8 55.Re7 Qc6 56.Qxf7+ Kh7 57.Rxe6  1-0

[Event "Bundesliga 9192"]
[Site "Germany"]
[Date "1992.??.??"]
[Round "?"]
[White "Kassebaum, Roman"]
[Black "Backwinkel, Paul"]
[Result "0-1"]
[WhiteElo "2410"]
[BlackElo "2400"]

1.e4 e6 2.d4 d5 3.Nd2 a6 4.Ngf3 c5 5.dxc5 Bxc5 6.Nb3 Ba7 7.exd5 exd5 8.Bd3 Nc6
9.O-O Nge7 10.Bg5 f6 11.Bf4 Bg4 12.h3 Bh5 13.Re1 O-O 14.c3 Ng6 15.Bxg6 Bxg6
16.Nh4 Be4 17.Qg4 Ne5 18.Qg3 Nd3 19.Rf1 Nxf4 20.Qxf4 g5 21.Qg3 Bb8 22.f4 Kh8
23.Nf3 Bxf4 24.Qf2 Qc7 25.Nbd4 Rae8 26.Rad1 Bg6 27.Nc2 Qc4 28.Nfd4 Qxa2 29.Nb4 Qc4
30.Rfe1 a5 31.Nbc2 Be4 32.Ne3 Qc8 33.Re2 Bb8 34.Nf3 Ba7 35.Nd4 f5 36.Kh1 f4
37.Ng4 f3  0-1

[Event "GER CupT"]
[Site "Germany"]
[Date "1992.??.??"]
[Round "?"]
[White "Lutz, Christopher"]
[Black "Giemsa, Stephan"]
[Result "1/2-1/2"]
[WhiteElo "2540"]
[BlackElo "2275"]

1.e4 e6 2.d4 d5 3.Nd2 a6 4.Ngf3 c5 5.exd5 exd5 6.Be2 c4 7.b3 cxb3 8.axb3 Nc6
9.O-O Bd6 10.Re1 Nge7 11.Nf1 Bb4 12.Bd2 Bxd2 13.Qxd2 O-O 14.Ne3 h6 15.Bd3 Qd6
16.c3 Ng6 17.Bc2 Rd8 18.Qd3 Qf6 19.Ne5 Nf8 20.N3g4 Bxg4 21.Nxg4 Qg6 22.Qe2 Qg5
23.g3 Re8 24.Ne3 Rac8 25.h4 Qd8 26.Qf3 Ne7 27.Ng4 h5 28.Nh2 Qd6 29.Re3 g6
30.Rae1 Rc7 31.Qe2 Ne6 32.Nf3 Rec8 33.Qd2 Kg7 34.Ne5 b5 35.Nxf7 Kxf7 36.Rxe6 Qxe6
37.Rxe6 Kxe6 38.Qg5 Kf7 39.Bxg6+ Nxg6 40.Qxh5 Rxc3 41.Qxd5+ Kg7 42.h5 Nf8
43.g4 R8c7 44.Qg5+ Kh7 45.Qf5+ Kg8 46.Qd5+ Rf7 47.g5 Rc1+ 48.Kg2 Rc2 49.g6 Rxf2+
50.Kg3 Rf3+ 51.Kg4 Rf4+ 52.Kg3 Rf3+ 53.Kg4  1/2-1/2

[Event "BL9192 (Women)"]
[Site "Germany"]
[Date "1992.??.??"]
[Round "?"]
[White "Burchardt, Brigitte"]
[Black "Just, Gabriele"]
[Result "1-0"]
[WhiteElo "2245"]
[BlackElo "2115"]

1.e4 e6 2.d4 d5 3.Nd2 Nc6 4.Ngf3 Nf6 5.e5 Nd7 6.Nb3 f6 7.Bb5 Be7 8.exf6 Bxf6
9.O-O O-O 10.Re1 Re8 11.Bf4 a5 12.a4 Ncb8 13.c3 c6 14.Bd3 c5 15.Nxc5 Nxc5
16.dxc5 Nd7 17.Bb5 Qe7 18.c6 bxc6 19.Bxc6 Ra6 20.Bxd5 Qc5 21.Be4 Kh8 22.Qe2 Nf8
23.Rad1 Qh5 24.Qb5 Qf7 25.Ne5 Bxe5 26.Bxe5 Ra7 27.Rd6 Bd7 28.Qc4 Rc8 29.Qd4 Be8
30.b3 Rac7 31.Re3 Ng6 32.Rf3 Qe7 33.Bg3 e5 34.Bxe5 Rc5 35.Bxg6 Bxg6 36.Re3 Qf7
37.Rd8+ Rxd8 38.Qxd8+ Qg8 39.Qxg8+ Kxg8 40.Bd4 Rc8 41.Re7 Bf7 42.Rb7 Kf8
43.f3  1-0

[Event "Oberliga Nord N9192"]
[Site "Germany"]
[Date "1992.??.??"]
[Round "?"]
[White "Hingst, Stefan"]
[Black "Kleeschaetzky, Rainer"]
[Result "1/2-1/2"]
[WhiteElo "2245"]
[BlackElo "2270"]

1.e4 e6 2.d4 d5 3.Nd2 Nc6 4.c3 dxe4 5.Nxe4 Qd5 6.Ng3 e5 7.dxe5 Qxd1+ 8.Kxd1 Nxe5
9.Bf4 Ng4 10.Nh3 c6 11.Bc4 h6 12.Re1+ Be7 13.Ne4 Kf8 14.Nd6 g5 15.Nxf7 Rh7
16.Ne5 Bf5 17.f3 Rd8+ 18.Ke2 Nxe5 19.Bxe5 b5 20.Bxg8 Kxg8 21.Rad1 Rf7 22.Nf2 Rxd1
23.Rxd1 Bf8 24.Kf1 Rd7 25.Rxd7 Bxd7 26.Ke2 Be6 27.a3 a5 28.Ne4 Kf7 29.Ke3 Bc4
30.Bd6 Bg7 31.Bc7 Bf1 32.Kf2 Bd3 33.Bxa5 Bc2 34.Ke3 Ke6 35.Kd2 Bb1 36.b3 Kd5
37.Ke3 Bc2 38.Nd2 Be5 39.g3 h5 40.c4+ bxc4 41.bxc4+ Ke6 42.Ne4 Kf5 43.Bc3 Bc7
44.Bd4 g4 45.fxg4+ hxg4 46.Nc3 Bd8 47.Kd2 Bb3 48.Kd3 Be7 49.c5 Bg5 50.Ne2 Bd1
51.Nc3 Bb3 52.Be3 Bf6 53.Ne2 Bd1 54.Bf4 Bb2 55.Nd4+ Bxd4 56.Kxd4 Ba4 57.Bd6 Bd1
58.Ke3 Bb3 59.Kf2 Bc2 60.Bc7 Bb3 61.Bd6 Bc2 62.Kg2 Be4+ 63.Kf2 Bc2 64.Ke3 Ba4
65.Kd4 Bd1 66.Kc4 Ke4 67.Kb4 Kd4 68.a4 Ke4 69.Ka5 Kd5 70.Kb4 Ke4 71.Bb8 Kd4
72.Bc7 Ke4 73.Bd8 Kd4 74.Bf6+ Kd5 75.Be7 Kd4 76.Bd6 Ke4 77.Ka5 Kd5 78.Bf8 Bc2
79.Be7 Bd1 80.Bd6 Bc2 81.Kb4 Bd1 82.a5 Be2 83.h4 gxh3 84.g4 Ba6 85.Kc3 h2
86.Bxh2 Kxc5 87.Bg1+ Kb5 88.Bb6 Bc8 89.g5 Bf5 90.Kd4 Bb1 91.Ke5 c5 92.Kd6 c4
93.Kc7 Ka6 94.Kc6 c3 95.Kd5  1/2-1/2

[Event "BL2-W9192"]
[Site "Germany"]
[Date "1992.??.??"]
[Round "?"]
[White "Zude, Arno"]
[Black "Holzke, Frank"]
[Result "1-0"]
[WhiteElo "2410"]
[BlackElo "2395"]

1.e4 e6 2.d4 d5 3.Nd2 Nc6 4.Ngf3 Nf6 5.e5 Nd7 6.Be2 Be7 7.O-O O-O 8.Re1 f6
9.exf6 Bxf6 10.c4 dxc4 11.Nxc4 Nb6 12.Be3 Nd5 13.Qb3 b6 14.Rad1 Bb7 15.Ncd2 Nce7
16.Ne4 Nf5 17.Bg5 h6 18.Bxf6 gxf6 19.Bc4 Nd6 20.Nxd6 Qxd6 21.Nh4 Kh7 22.Qd3+ f5
23.Qg3 Rf6 24.Qe5 Qxe5 25.Rxe5 Rd8 26.g3 Rd6 27.Rde1 a6 28.a3 b5 29.Bb3 a5
30.Ng2 a4 31.Ba2 b4 32.Bc4 Rb6 33.Ne3 Nxe3 34.R5xe3 bxa3 35.bxa3 Be4 36.f3 Bb7
37.Rxe6 Rbxe6 38.Rxe6 Rxe6 39.Bxe6 Bxf3 40.Bxf5+ Kg7 41.Bc2 Bc6 42.Kf2 Kf6
43.h4 Ke6 44.Ke3 Be8 45.Be4 Kd6 46.g4 c5 47.dxc5+ Kxc5 48.h5 Kd6 49.g5 Ke7
50.gxh6 Kf6 51.Bc2 Bd7 52.Kd4 Kf7 53.Kc5 Kg8 54.Kb4 Be8 55.Bxa4 Bxh5 56.Bc2 Be8
57.Bd3 Bd7 58.Bb5 Bc8 59.a4 Kh7 60.a5 Kxh6 61.Kc5  1-0

[Event "BL2-W9192"]
[Site "Germany"]
[Date "1992.??.??"]
[Round "?"]
[White "Hoffmann, Michael"]
[Black "Borngaesser, Rene"]
[Result "0-1"]
[WhiteElo "2455"]
[BlackElo "2360"]

1.e4 e6 2.d4 d5 3.Nd2 Nc6 4.c3 Nf6 5.e5 Nd7 6.Bd3 f5 7.Ndf3 Ne7 8.Ne2 Ng6
9.Ng5 Nb6 10.g4 Nh4 11.gxf5 exf5 12.Ng1 g6 13.N1f3 Nxf3+ 14.Qxf3 Qe7 15.h4 Bg7
16.h5 h6 17.Nh3 g5 18.Bxf5 O-O  0-1

[Event "BL2-W9192"]
[Site "Germany"]
[Date "1992.??.??"]
[Round "?"]
[White "Kengis, Edvins"]
[Black "Hausner, Ivan"]
[Result "1/2-1/2"]
[WhiteElo "2580"]
[BlackElo "2410"]

1.e4 e6 2.d4 d5 3.Nd2 Be7 4.Ngf3 Nf6 5.Bd3 c5 6.exd5 Qxd5 7.dxc5 Qxc5 8.O-O Qc7
9.b3 Nbd7 10.Bb2 b6 11.Nc4 Bb7 12.Nce5 O-O 13.Qe2 Nxe5 14.Nxe5 Rad8 15.Rad1 Ba8
16.c4 Rfe8 17.a3 a5 18.Kh1 Bc5 19.Bc2 Rxd1 20.Rxd1 Rd8 21.f3 Bb7 22.Rxd8+ Qxd8
23.Qd3 Qxd3 24.Nxd3 Be3 25.b4 axb4 26.axb4 Nd7 27.Ba4 Nb8 28.Be5 Nc6 29.Bc7 f6
30.c5 bxc5 31.Nxc5 Bxc5 32.bxc5 Nd4 33.Kg1 Bc6 34.Bd1 e5 35.Kf2 Kf7 36.f4 exf4
37.Bxf4 Bd5 38.g4 Bb3 39.Bxb3+ Nxb3 40.c6 Ke6 41.Ke3 Na5 42.c7 Kd7 43.Ke4 Nc6
44.Bd6 Na7 45.Kd5 Nb5 46.Bg3 Nc3+ 47.Kc5 Ne4+ 48.Kb6 Kc8 49.Kc6 g6 50.Kd5 f5
51.gxf5 gxf5 52.Ke5 Nxg3 53.hxg3 Kxc7 54.Kxf5 Kd6 55.Kf6 Kd5 56.Kg7 Ke4  1/2-1/2

[Event "Groningen op"]
[Site "Groningen"]
[Date "1992.??.??"]
[Round "8"]
[White "Malisauskas, Vidmantas"]
[Black "Schwartzman, Gabriel"]
[Result "1-0"]
[WhiteElo "2530"]
[BlackElo "2340"]

1.e4 e6 2.d4 d5 3.Nd2 a6 4.Ngf3 c5 5.dxc5 Bxc5 6.Bd3 Nc6 7.O-O Nf6 8.Qe2 Qc7
9.c3 Ba7 10.b3 Bd7 11.Ba3 Qa5 12.Bb2 Qc7 13.c4 dxe4 14.Nxe4 Nxe4 15.Bxe4 f6
16.Rfd1 e5 17.Ba3 O-O-O 18.Bd6 Qb6 19.c5 Qb5 20.Bd3 Qa5 21.a3 g5 22.Qc2 Rde8
23.Bf5 Be6 24.b4 Qd8 25.Bxe5 Qe7 26.Rd6 Qf7 27.Rxe6 Rxe6 28.Nxg5  1-0

[Event "Hamburg op"]
[Site "Hamburg"]
[Date "1992.??.??"]
[Round "6"]
[White "Blauert, Joerg"]
[Black "Grinfeld, Alla B"]
[Result "1/2-1/2"]
[WhiteElo "2370"]
[BlackElo "2230"]

1.e4 e6 2.d4 d5 3.Nd2 a6 4.Ngf3 c5 5.dxc5 Bxc5 6.Bd3 Nc6 7.a3 Nge7 8.O-O O-O
9.b4 Ba7 10.Bb2 Ng6 11.Nb3 Nf4 12.e5 Bd7 13.Qd2 Nxd3 14.cxd3 Ne7 15.Rac1 Rc8
16.Rxc8 Bxc8 17.Nc5 Ng6 18.Re1 Bb8 19.Qe3 Re8 20.Bd4 Ne7 21.Bb2 Ng6 22.Bd4 Ne7  1/2-1/2

[Event "Hamburg op"]
[Site "Hamburg"]
[Date "1992.??.??"]
[Round "9"]
[White "Howell, James C"]
[Black "Holzke, Frank"]
[Result "1-0"]
[WhiteElo "2465"]
[BlackElo "2400"]

1.e4 e6 2.d4 d5 3.Nd2 Nc6 4.Ngf3 Nf6 5.e5 Nd7 6.Be2 Be7 7.Nf1 f6 8.exf6 Nxf6
9.Ne3 O-O 10.O-O Bd6 11.c4 b6 12.b3 Ne7 13.Bb2 Ne4 14.Bd3 Bb7 15.Bxe4 dxe4
16.Ng5 Qd7 17.Qc2 Rf4 18.c5 h6 19.cxd6 cxd6 20.Nh3 Rh4 21.Qe2 Qe8 22.Rfc1 Nd5
23.Nxd5 Bxd5 24.Qe3 g5 25.Ba3 Qe7 26.Qg3  1-0

[Event "Helsinki op"]
[Site "Helsinki"]
[Date "1992.??.??"]
[Round "7"]
[White "Frolov, Artur"]
[Black "Dreev, Alexey"]
[Result "1-0"]
[WhiteElo "2510"]
[BlackElo "2590"]

1.e4 e6 2.d4 d5 3.Nd2 a6 4.Ngf3 c5 5.dxc5 Bxc5 6.Bd3 Nf6 7.O-O Qc7 8.a3 Nbd7
9.b4 Be7 10.Bb2 dxe4 11.Nxe4 O-O 12.Re1 a5 13.Nxf6+ Bxf6 14.Bxf6 Nxf6 15.c4 Rd8
16.Qe2 b6 17.Ne5 Bb7 18.Rab1 axb4 19.axb4 Rd4 20.Rbd1 Qd6 21.Qb2 Rd8 22.c5 bxc5
23.bxc5 Qd5 24.c6 Ba8 25.Qxd4 Qxd4 26.c7 Kf8 27.Bf1  1-0

[Event "HUN-chT"]
[Site "HUN"]
[Date "1992.??.??"]
[Round "?"]
[White "Tolnai, Tibor"]
[Black "Bagonyai, Attila"]
[Result "1-0"]
[WhiteElo "2490"]
[BlackElo "2280"]

1.e4 e6 2.d4 d5 3.Nd2 a6 4.Ngf3 c5 5.exd5 exd5 6.dxc5 Bxc5 7.Bd3 Nf6 8.O-O O-O
9.Nb3 Be7 10.h3 Nc6 11.c3 Ne4 12.Be3 f5 13.Qc2 f4 14.Bc1 Qd6 15.Bxe4 dxe4
16.Qxe4 Bf5 17.Qc4+ Be6 18.Qe2 Rad8 19.Bd2 b5 20.Rfe1 Bc4 21.Qe4 Bd5 22.Qd3 Qc7
23.Nbd4 Bc5 24.a3 Bxf3 25.Qxf3 Bxd4 26.cxd4 Nxd4 27.Qe4 Nb3 28.Bb4 Nxa1 29.Bxf8 Rxf8
30.Rxa1 Qd6 31.Re1 Qf6 32.b4 h6 33.f3 Kh8 34.Qe7 Qxe7 35.Rxe7 Rf6 36.h4 Kg8
37.h5 Kf8 38.Ra7 g6 39.hxg6 Rxg6 40.Kf2 Kg8 41.Kf1 Re6 42.Kg1 Rg6 43.Kh2 Kf8
44.Rd7 Rc6 45.Ra7 Rg6 46.Kg1 Kg8 47.Kf2 Kf8 48.Ke2 Rxg2+ 49.Kd3 Rg6 50.Ke4 Rf6  1-0

[Event "IRL-ch"]
[Site "IRL"]
[Date "1992.??.??"]
[Round "3"]
[White "Clarke, Thomas"]
[Black "Brady, Stephen"]
[Result "0-1"]
[WhiteElo "2225"]
[BlackElo "2320"]

1.e4 e6 2.d4 d5 3.Nd2 a6 4.e5 c5 5.c3 Nc6 6.Ngf3 f6 7.Bd3 Bd7 8.Qc2 f5 9.dxc5 Bxc5
10.Nb3 Bb6 11.Qe2 Nge7 12.h4 Qc7 13.h5 O-O-O 14.Bg5 Kb8 15.O-O-O Rhg8 16.Kb1 h6
17.Bh4 Rdf8 18.Nfd4 g5 19.hxg6 Nxg6 20.Nxc6+ Bxc6 21.Nd4 Bd7 22.Bf6 Nf4 23.Qf3 Nxd3
24.Rxd3 Rxf6 25.exf6 Rf8 26.Qg3 e5 27.Qg7 Qd6 28.Rxh6 exd4 29.Rh8 Rxh8 30.Qxh8+ Ka7
31.cxd4 Bb5 32.Rd1 Qe6 33.f3 Qe2 34.Qh1 Bd3+ 35.Rxd3 Qxd3+ 36.Ka1 Bxd4 37.f7 Qe2
38.Qc1 Qe7 39.Qd1 Bb6  0-1

[Event "Katowice op"]
[Site "Katowice"]
[Date "1992.??.??"]
[Round "2"]
[White "Kruszynski, Wlodzimierz"]
[Black "Budnikov, Alexandar"]
[Result "1/2-1/2"]
[WhiteElo "2375"]
[BlackElo "2520"]

1.e4 e6 2.d4 d5 3.Nd2 Nc6 4.Ngf3 Nf6 5.e5 Nd7 6.Be2 f6 7.exf6 Qxf6 8.Nf1 Bd6
9.Ne3 b6 10.O-O Bb7 11.Ng4 Qe7 12.Re1 Nf6 13.Bg5 h6 14.Bxf6 gxf6 15.Nh4 O-O-O
16.Ng6 Qg7 17.Nxh8 f5 18.c3 fxg4 19.Bxg4 Kb8 20.Bxe6 Qxh8 21.Qh5 Ne7 22.Re3 c5
23.dxc5 Bxc5 24.Re2 d4 25.cxd4 Qxd4 26.Qxh6 Ba6 27.Ree1 Qxf2+ 28.Kh1 Bb7
29.Qg5 Qxb2 30.Rad1 Rf8 31.Rf1 Rh8 32.Rd2 Qc3 33.Rfd1 a5 34.Rd3 Qc2 35.Qe5+ Ka7
36.R3d2 Qh7 37.Rd7 Rb8 38.Bd5 Qc2 39.Be4 Qe2 40.Qf4 Nd5 41.Qf3 Qxf3 42.Bxf3 Nc3
43.R1d2 b5 44.h4 b4 45.h5 Be3 46.R2d6 Nxa2 47.Re6 Bc5 48.Re5 b3 49.Bxb7 Rxb7
50.Rxb7+ Kxb7 51.Rxc5 Kb6 52.Rc8 Kb7 53.Rc5 Ka6 54.Rc6+ Kb5 55.Rc8 Ka4 56.Rb8 Nb4
57.Rf8 Nd5 58.Rf1 b2 59.h6 Ne7 60.h7 Ng6 61.Kh2 Nh8 62.Kg3 Kb3 63.Kf4 a4
64.Kg5 Ka2 65.Kf6 b1=Q 66.Rxb1 Kxb1 67.Kg7 a3 68.Kxh8 a2 69.Kg8 a1=Q 70.h8=Q  1/2-1/2

[Event "Kobanya op"]
[Site "Kobanya op"]
[Date "1992.??.??"]
[Round "5"]
[White "Eismont, Oleg"]
[Black "Vincze, Istvan"]
[Result "1-0"]
[WhiteElo "2410"]
[BlackElo "2330"]

1.e4 e6 2.d4 d5 3.Nd2 Be7 4.Bd3 c5 5.dxc5 Nd7 6.exd5 exd5 7.Nb3 Nxc5 8.Nxc5 Bxc5
9.Nf3 Nf6 10.Qe2+ Be7 11.O-O O-O 12.h3 Re8 13.c3 Bc5 14.Qc2 Ne4 15.Nd4 Bxd4
16.cxd4 Qb6 17.Be3 Bf5 18.Rfc1 h5 19.Qb3 Qg6 20.Bf1 Bxh3 21.Qxd5 h4 22.Kh2 Nf6
23.Qg5 Bf5 24.Qxg6 Bxg6 25.Bg5 Re4 26.Bxf6 gxf6 27.d5 Rd8 28.Rd1 Re5 29.Bc4 b5
30.Bxb5 Rexd5 31.Ba4 Rd2 32.Kg1 Bh5 33.Rxd2 Rxd2 34.b4 Bg6 35.Bc6 Bf5 36.a4 Bd7
37.Bxd7 Rxd7 38.b5 Rd4 39.a5 Rb4 40.b6 a6 41.Rc1 Rb5 42.Rc8+ Kg7 43.Ra8  1-0

[Event "Kobanya op"]
[Site "Kobanya op"]
[Date "1992.??.??"]
[Round "7"]
[White "Feher, Gyula"]
[Black "Vincze, Istvan"]
[Result "1/2-1/2"]
[WhiteElo "2405"]
[BlackElo "2330"]

1.e4 e6 2.d4 d5 3.Nd2 Be7 4.Ngf3 Nf6 5.Bd3 c5 6.e5 Nfd7 7.c3 b6 8.Qe2 cxd4
9.cxd4 O-O 10.O-O a5 11.Nb1 Ba6 12.Bxa6 Nxa6 13.Nc3 Nc7 14.Bd2 Qc8 15.Rfc1 Qa6
16.Qxa6 Nxa6 17.Nb5 Rfc8 18.Kf1 h6 19.Ke2 Kf8 20.Ne1 Ke8 21.Nd3 Kd8 22.g4 Nc7
23.Nxc7 Rxc7 24.Rxc7 Kxc7 25.f4 Kd8 26.Rc1 Rc8 27.Rxc8+ Kxc8 28.f5 Bg5 29.Be1 Be7
30.Bd2 Bg5 31.Bxg5 hxg5 32.b4 axb4 33.Nxb4 Kc7 34.a4 Nb8 35.Kd3 Kd7 36.Kc3 Ke7
37.Nc2 Nc6 38.Nb4 Nb8 39.Nc2  1/2-1/2

[Event "Manila ol (Women)"]
[Site "Manila"]
[Date "1992.??.??"]
[Round "?"]
[White "Mills, Natalie"]
[Black "Khanom, Afrooza"]
[Result "1/2-1/2"]
[WhiteElo "2005"]
[BlackElo "2005"]

1.e4 e6 2.d4 d5 3.Nd2 Nc6 4.c3 dxe4 5.Nxe4 Nf6 6.Nxf6+ Qxf6 7.Nf3 h6 8.Bd3 Bd6
9.O-O O-O 10.Bc2 Re8 11.Re1 Bd7 12.Be3 Rad8 13.Nd2 Qh4 14.g3 Qh3 15.Ne4 e5
16.Nxd6 cxd6 17.d5 Ne7 18.Be4 b6 19.Bg2 Qf5 20.Qd2 Qg6 21.Rad1 Nf5 22.Be4 Qh5
23.Qe2 Qxe2 24.Rxe2 Nxe3 25.Rxe3 f5 26.Bg2 Rc8 27.Rde1  1/2-1/2

[Event "Manila ol (Women)"]
[Site "Manila"]
[Date "1992.??.??"]
[Round "?"]
[White "Lumongdong, Lisa Karlina"]
[Black "Garwell, Jane"]
[Result "1/2-1/2"]
[WhiteElo "2055"]
[BlackElo "2180"]

1.e4 e6 2.d4 d5 3.Nd2 a6 4.Ngf3 c5 5.exd5 exd5 6.dxc5 Bxc5 7.Nb3 Bb6 8.Bg5 Ne7
9.Be2 Nbc6 10.c3 O-O 11.Qd2 Re8 12.O-O f6 13.Be3 Be6 14.Rad1 Bf7 15.Bxb6 Qxb6
16.Nbd4 Ng6 17.Rfe1 Nce5 18.b3 Rac8 19.Bf1 Qc7 20.Rc1 b5 21.g3 Nxf3+ 22.Nxf3 Rxe1
23.Qxe1 Ne5 24.Nd4 Qb6 25.Qd2 Bg6 26.Bg2 Be4 27.Bxe4 dxe4 28.Qe3 Nd3  1/2-1/2

[Event "Manila ol (Men)"]
[Site "Manila"]
[Date "1992.??.??"]
[Round "?"]
[White "Mounib, Abdelaziz"]
[Black "Rahman, T."]
[Result "0-1"]
[WhiteElo "2205"]
[BlackElo "2265"]

1.e4 e6 2.d4 d5 3.Nd2 a6 4.Ngf3 c5 5.dxc5 Bxc5 6.Bd3 Nc6 7.c3 Nf6 8.O-O O-O
9.Qe2 b5 10.e5 Nd7 11.Nb3 Be7 12.Nbd4 Ndb8 13.Bd2 Bd7 14.Rac1 Qc8 15.Rfe1 Nd8
16.Bb1 f5 17.exf6 gxf6 18.Nf5 Nbc6 19.Nxe7+ Nxe7 20.Nd4 e5 21.f4 e4 22.a4 Qc4
23.Qh5 bxa4 24.Rxe4 dxe4 25.Bxe4 Qf7 26.Qc5 Rc8 27.Qd6 Bc6 28.Nxc6 Nexc6  0-1

[Event "Manila ol (Men)"]
[Site "Manila"]
[Date "1992.??.??"]
[Round "?"]
[White "Cheah, Eric"]
[Black "Aturupane, H."]
[Result "1-0"]
[WhiteElo "2275"]
[BlackElo "2340"]

1.e4 e6 2.d4 d5 3.Nd2 a6 4.Ngf3 c5 5.exd5 exd5 6.Be2 Nf6 7.O-O cxd4 8.Nb3 Bd6
9.Bg5 O-O 10.Nbxd4 Nc6 11.c3 Bg4 12.Qa4 Bd7 13.Qb3 Na5 14.Qc2 h6 15.Bh4 Rc8
16.Nf5 Bxf5 17.Qxf5 Qd7 18.Qxd7 Nxd7 19.Nd4 g6 20.Rad1 Nb6 21.Nb3 Nac4 22.Bxc4 Rxc4
23.Bf6 Rf4 24.Bd4 Nc4 25.g3 Rf5 26.g4 Rf4 27.f3 h5 28.gxh5 gxh5 29.Rf2 f6
30.Nc5 Bxc5 31.Bxc5 Rd8 32.b3 Ne5 33.Kg2 Kf7 34.Kg3 Rf5 35.f4 Rg8+ 36.Kh3 Rg4
37.fxe5 Rxe5 38.Bd4 Ree4 39.Rxf6+ Ke7 40.Rf3 Rh4+ 41.Kg2 Re2+ 42.Rf2  1-0

[Event "Capablanca mem-B"]
[Site "Matanzas"]
[Date "1992.??.??"]
[Round "5"]
[White "Antunes, Antonio"]
[Black "Borges Mateos, Juan"]
[Result "1/2-1/2"]
[WhiteElo "2465"]
[BlackElo "2430"]

1.e4 e6 2.d4 d5 3.Nd2 a6 4.Ngf3 c5 5.exd5 exd5 6.dxc5 Bxc5 7.Nb3 Ba7 8.Bd3 Bg4
9.O-O Ne7 10.Re1 Nc6 11.Bf4 Qd7 12.Be2 O-O 13.Nfd4 Bxe2 14.Rxe2 Rfe8 15.c3 Nf5
16.Nf3 Rxe2 17.Qxe2 Re8 18.Qd3  1/2-1/2

[Event "Meudon op"]
[Site "Meudon"]
[Date "1992.??.??"]
[Round "7"]
[White "Boudre, Jean Pierre"]
[Black "Prie, Eric"]
[Result "1-0"]
[WhiteElo "2380"]
[BlackElo "2440"]

1.e4 e6 2.d4 d5 3.Nd2 Nc6 4.Ngf3 Nf6 5.e5 Nd7 6.Be2 Be7 7.Nf1 O-O 8.Ne3 f6
9.exf6 Nxf6 10.O-O Bd6 11.b3 a5 12.a3 Ne7 13.Bd3 b6 14.Bb2 Qe8 15.Ne5 Bxe5
16.dxe5 Nd7 17.c4 Nc5 18.Bc2 dxc4 19.bxc4 Bb7 20.Qg4 Rd8 21.Rad1 Rxd1 22.Rxd1 Qf7
23.f3 Ng6 24.Qg5 Qf4 25.Qxf4 Nxf4 26.Kf2 Bc6 27.Bd4 Nd7 28.Rd2 Kf7 29.Kg3 Kg8
30.Ng4 Ng6 31.h4 Nf4 32.Be3 Nxg2 33.Kxg2 Rxf3 34.Kh2 h5 35.Bd1 Rf5 36.Nf2 Nxe5
37.Be2 Nf3+ 38.Bxf3 Rxf3 39.Rd3 Kf7 40.c5 b5 41.Bd4 Rf5 42.Kg3 Bd5 43.Nh3 c6
44.Re3 g6 45.Ng5+ Ke7 46.Bc3 a4 47.Re5 Rf1 48.Re1 Rf5 49.Be5 Bc4 50.Nf3 Bd5
51.Nd4 Rf7 52.Bf4 Kd7 53.Re2 b4 54.axb4 a3 55.Rf2 a2 56.Nc2 Rf5 57.Bd6 Be4
58.Rxf5 exf5 59.Na1 Ke6 60.Kf4 Kd5 61.Kg5 Kc4 62.Kxg6 f4+ 63.Kxh5 f3 64.Bg3 Kxb4
65.Bf2 Kc3 66.Kg4 Kd2 67.h5 Ke2 68.Kg3  1-0

[Event "Montevideo ITT"]
[Site "Montevideo"]
[Date "1992.??.??"]
[Round "2"]
[White "Adla, Diego"]
[Black "Playa, Marcelo"]
[Result "1/2-1/2"]
[WhiteElo "2435"]
[BlackElo "2390"]

1.e4 e6 2.d4 d5 3.Nd2 a6 4.Ngf3 c5 5.exd5 exd5 6.Be2 c4 7.O-O Bd6 8.b3 cxb3
9.axb3 Ne7 10.Re1 O-O 11.Nf1 Nbc6 12.Ne3 Bb4 13.Bd2 Bxd2 14.Qxd2 Qd6 15.Rad1 Nf5
16.c4 Nxe3 17.fxe3 Bg4 18.Ng5 Bxe2 19.Qxe2 h6 20.Nh3 Rfe8 21.Nf4 Nb4 22.Qf3 Rad8
23.Re2 b5 24.c5 Qc6 25.Rf1 Rd7 26.Qg4 Re4 27.Rf3 Nd3 28.Qf5  1/2-1/2

[Event "Moscow4"]
[Site "Moscow"]
[Date "1992.??.??"]
[Round "?"]
[White "Suetin, Alexey S"]
[Black "Naumkin, Igor"]
[Result "1-0"]
[WhiteElo "2400"]
[BlackElo "2460"]

1.e4 e6 2.d4 d5 3.Nd2 Nc6 4.Ngf3 Nf6 5.e5 Nd7 6.Nb3 a5 7.a4 b6 8.Bb5 Ncb8
9.Bg5 Be7 10.Bxe7 Qxe7 11.O-O O-O 12.Re1 c6 13.Bd3 Ba6 14.Nc1 Rc8 15.Ne2 Bxd3
16.Qxd3 c5 17.c3 Nc6 18.Qe3 Rab8 19.Nf4 cxd4 20.Nxd4 Ncxe5 21.Nxd5 exd5 22.f4 Re8
23.fxe5 Nxe5 24.Rad1 Qd7 25.Qg3 f6 26.Nb5 Rbd8 27.b3 Qc6 28.h3 Nf7 29.Qc7 Qc5+
30.Kf1 Re5 31.Qxc5 bxc5 32.Nc7 Rxe1+ 33.Kxe1 d4 34.cxd4 cxd4 35.Nb5 d3 36.Kd2 Ne5
37.Re1 Rd5 38.Re3 Kf7 39.Re1 Nc6 40.g3 Ne5 41.Rf1 Kg6 42.Rf4 Kf7 43.Nc3 Rd8
44.b4 axb4 45.Rxb4 Ra8 46.Nd5 Ra5 47.Ne3 Rc5 48.Rb7+ Kg6 49.Rb5 Rc6 50.a5 h5
51.h4 Kf7 52.Rb7+ Ke6 53.Rb6 Rxb6 54.axb6 Kd6 55.Nf5+ Kc6 56.Nxg7 Kxb6 57.Nxh5 Nc6  1-0

[Event "Moscow3"]
[Site "Moscow"]
[Date "1992.??.??"]
[Round "?"]
[White "Gutop, Yuri V"]
[Black "Naumkin, Igor"]
[Result "1/2-1/2"]
[WhiteElo "2430"]
[BlackElo "2460"]

1.e4 e6 2.d4 d5 3.Nd2 Nc6 4.Ngf3 Nf6 5.e5 Nd7 6.Bd3 Nb4 7.Be2 c5 8.c3 Nc6
9.O-O cxd4 10.cxd4 Qb6 11.Nb3 a5 12.a4 h6 13.Be3 Be7 14.Ne1 O-O 15.Nd3 f5
16.Nf4 Nd8 17.Ng6 Re8 18.Bb5 Nc6 19.Rc1 Nf8 20.Qh5 Bd7 21.Nc5 Bxc5 22.Rxc5 Kh7
23.Nh4 Re7 24.f4  1/2-1/2

[Event "Moscow3"]
[Site "Moscow"]
[Date "1992.??.??"]
[Round "?"]
[White "Polovodin, Igor A"]
[Black "Naumkin, Igor"]
[Result "1/2-1/2"]
[WhiteElo "2460"]
[BlackElo "2460"]

1.e4 e6 2.d4 d5 3.Nd2 Nc6 4.Ngf3 Nf6 5.e5 Nd7 6.Be2 f6 7.exf6 Qxf6 8.Nf1 Bd6
9.Ne3 b6 10.O-O Bb7 11.c4 Ne7 12.Qa4 Bc6 13.Qc2 dxc4 14.Nxc4 h6 15.b3 O-O
16.Ba3 Bxa3 17.Nxa3 e5 18.dxe5 Nxe5 19.Nxe5 Qxe5 20.Rfe1 Qf6 21.Bf1 Ng6 22.Rac1 Bd5
23.Nb5 Nf4 24.g3 Ne6 25.Nc3 c6 26.Nxd5 cxd5 27.Bg2 Rad8 28.Qd2 Rd6 29.f4 d4
30.Qd3 Nc5 31.Qc4+ Kh8 32.Rcd1 a5 33.h4 d3 34.Rd2 Rd4 35.Qb5 Rdd8 36.Re5 Qd6
37.Kh2 Qf6 38.a3 Rd4 39.b4 axb4 40.axb4 Rxf4 41.Re8 Rxh4+ 42.gxh4 Qf4+ 43.Kh3 Qf5+
44.Kh2 Qf4+  1/2-1/2

[Event "Moscow3"]
[Site "Moscow"]
[Date "1992.??.??"]
[Round "?"]
[White "Lokasto, Anatol"]
[Black "Naumkin, Igor"]
[Result "1-0"]
[WhiteElo "2325"]
[BlackElo "2460"]

1.e4 e6 2.d4 d5 3.Nd2 Nc6 4.Ngf3 Nf6 5.e5 Nd7 6.c3 f6 7.Bb5 fxe5 8.dxe5 Be7
9.Qa4 O-O 10.Bxc6 Nc5 11.Qd4 bxc6 12.b4 Nd7 13.Nb3 a5 14.O-O axb4 15.cxb4 Ra4
16.a3 c5 17.Qg4 Rf5 18.Na5 Nb8 19.Bd2 Ba6 20.Rfe1 cxb4 21.axb4 Rxa1 22.Rxa1 Be2
23.Re1 Bxf3 24.gxf3 Qd7 25.Rc1 Bd8 26.f4 h5 27.Qe2 Qe8 28.Kh1 Rf8 29.Be3 Qg6
30.Bd2 Qe8 31.Qd3 Nd7 32.Nc6 Rf7 33.Qg6 Bh4 34.Be3 Rf8 35.Qxe8 Rxe8 36.Nd4 Bd8
37.Nb5 g5 38.Nxc7 Bxc7 39.Rxc7 gxf4 40.Bd4 Rd8 41.b5 Kf8 42.b6 Ke8 43.Kg2 Rb8
44.Rc6 Ke7 45.Kf3 Ra8 46.Kxf4 Ra4 47.Ke3 Ra3+ 48.Kd2 Rb3 49.Kc2 Rb5 50.f4 h4
51.h3 Rb4 52.Kc3 Rb1 53.Rd6 Rh1 54.Kb4 Rxh3 55.b7 Rh1 56.Rxd7+ Kxd7 57.Bb6 Rb1+
58.Kc5 Rc1+ 59.Kd4 Rc8 60.bxc8=Q+ Kxc8 61.Ke3 Kd7 62.Kf3 Kc6 63.Bf2  1-0

[Event "Moscow Tal mem"]
[Site "Moscow"]
[Date "1992.??.??"]
[Round "?"]
[White "Tseshkovsky, Vitaly"]
[Black "Naumkin, Igor"]
[Result "1-0"]
[WhiteElo "2510"]
[BlackElo "2430"]

1.e4 e6 2.d4 d5 3.Nd2 Nc6 4.Ngf3 Nf6 5.e5 Nd7 6.Be2 f6 7.exf6 Qxf6 8.Nf1 Bd6
9.Ne3 b6 10.O-O Bb7 11.Ng4 Qf5 12.h3 O-O-O 13.Re1 h5 14.Ne3 Qf6 15.c4 dxc4
16.Nxc4 Bf4 17.Bxf4 Qxf4 18.Qc1 Qf6 19.Qc3 Kb8 20.Rac1 Rc8 21.b4 Ne7 22.Nce5 Nxe5
23.Nxe5 Ka8 24.b5 Rhf8 25.Bf3 Nd5 26.Qa3 Rcd8 27.Nc6 Bxc6 28.Rxc6 Kb8 29.Rcxe6 Qxd4
30.R6e5 Nf4 31.Bc6 a5 32.bxa6 Ka7 33.Re7 Nd5 34.Bxd5 Qxf2+ 35.Kh2 Rxd5 36.Rxc7+ Ka8
37.Qe7 b5 38.Qe8+  1-0

[Event "Alekhine op"]
[Site "Moscow"]
[Date "1992.??.??"]
[Round "?"]
[White "Yudasin, Leonid"]
[Black "Dreev, Alexey"]
[Result "1/2-1/2"]
[WhiteElo "2635"]
[BlackElo "2590"]

1.e4 e6 2.d4 d5 3.Nd2 a6 4.Ngf3 c5 5.exd5 exd5 6.dxc5 Bxc5 7.Nb3 Bb6 8.Bd3 Qe7+
9.Qe2 Nc6 10.Bg5 Qxe2+ 11.Kxe2 h6 12.Be3 Bxe3 13.Kxe3 Nf6 14.Nfd4  1/2-1/2

[Event "Munich op9192"]
[Site "Munich"]
[Date "1992.??.??"]
[Round "2"]
[White "Kunze, Markus"]
[Black "Tauber, Manfred"]
[Result "1/2-1/2"]
[WhiteElo "2360"]
[BlackElo "2245"]

1.e4 e6 2.d4 d5 3.Nd2 a6 4.Ngf3 c5 5.dxc5 Bxc5 6.Bd3 Nc6 7.a3 Ba7 8.O-O Nge7
9.exd5 exd5 10.Nb3 Bg4 11.Bf4 h6 12.h3 Bh5 13.Be2 g5 14.Be3 Bxe3 15.fxe3 Qd6
16.Nfd4 Bg6 17.Bd3 O-O 18.Bxg6 Qxg6 19.Nc5 Ne5 20.Nd3 Nc4 21.Qf3 Nd2 22.Qg3 Nxf1
23.Rxf1 Rac8 24.h4 Nc6 25.Nf5 Rce8 26.h5 Qf6 27.Nd6  1/2-1/2